[Event "TP 40 Züge 2 Stunden"]
[Site "?"]
[Date "2009.??.??"]
[Round "?"]
[White "Super Expert C, Novag"]
[Black "Sapphire, Novag"]
[Result "0-1"]
[WhiteElo "2002"]
[BlackElo "2097"]
[Annotator "Thomas Jaeger"]
[PlyCount "100"]
[EventDate "2009.??.??"]
[TimeControl "240"]

1. e4 c6 2. Nc3 d5 3. Nf3 dxe4 4. Nxe4 Nf6 5. Qe2 Bg4 6. h3 Bh5 7. Ng3 {
letzter Buchzug in dieser seltenen Variante} Bg6 8. d4 e6 {letzter Buchzug} 9.
Bg5 Qa5+ 10. Bd2 Qa4 11. b3 Qa3 12. c3 Qb2 13. Qd1 Nbd7 14. Be2 Bd6 15. O-O
Bxg3 16. fxg3 Ne4 17. Qe1 Ndf6 18. Bc4 O-O 19. a4 Nd5 20. Rc1 (20. Rb1 Qa3 (
20... Qc2 21. Rc1 Qb2 22. Rb1) 21. Ra1 Qd6 22. Ne5) 20... Rad8 21. Bxd5 {nicht
gut} cxd5 22. b4 Rc8 {Sapphire sieht sich +1,50} 23. a5 {- 0,43} Rc6 24. Kh2
Rfc8 25. b5 Nxd2 {einfach Db5!} 26. bxc6 Nxf1+ 27. Qxf1 Rxc6 28. Qe1 Rc8 29. a6
{?!} b6 30. Kh1 b5 31. Qd2 Qxd2 32. Nxd2 b4 33. c4 dxc4 34. Rxc4 Rxc4 35. Nxc4
b3 36. Nb2 Bh5 37. g4 Bg6 38. Kh2 Be4 39. Kg3 h6 {Sapphire spielt zuletzt
einen ziemlichen Unsinn} 40. Kf2 Bc6 {60 min für den Rest} 41. g3 Bb5 42. Ke3
Bxa6 43. Kd2 Bb7 44. Kc3 Bd5 45. Nd1 a5 46. Ne3 a4 47. Nxd5 {trauriges
Endspiel auf beiden Seiten} exd5 48. Kb2 Kh7 49. h4 Kg6 50. Ka3 f5 0-1

[Event "TP 40 Züge 2 Stunden"]
[Site "?"]
[Date "2009.??.??"]
[Round "?"]
[White "Atlanta, Mephisto"]
[Black "Sapphire, Novag"]
[Result "1-0"]
[WhiteElo "2195"]
[BlackElo "2097"]
[Annotator "Thomas Jaeger"]
[PlyCount "67"]
[EventDate "2009.??.??"]
[TimeControl "240"]

1. c4 c5 2. Nc3 Nc6 3. Nf3 Nf6 4. g3 e6 5. Bg2 d5 6. cxd5 Nxd5 {letzter Buchzug
} 7. O-O Be7 8. d4 {letzter Buchzug} Nxc3 9. bxc3 O-O 10. e4 cxd4 11. cxd4 f5
12. e5 Qd5 13. Bb2 Bd7 14. Ne1 Qb5 15. Rb1 Bc8 {die Damenzüge waren schon
nicht toll, das ist ein klarer Fehler.} 16. d5 {+0,8} Rd8 {-1,15 ist nicht
exd5 besser?} 17. Bd4 Qc4 18. dxc6 Rxd4 19. Qc2 Rb8 20. c7 Ra8 21. Rxb7 Bxb7
22. Bxb7 Re8 {Sapphire sieht über - 4 hinten} 23. c8=R Rxc8 24. Bxc8 Kf7 25.
Bb7 Qb5 (25... Qxc2 26. Nxc2 Rc4 27. Ne3 Rc5 28. Rd1 Rxe5 {ist wohl etwas
besser}) 26. Bg2 Rc4 27. Qe2 Qa4 28. Nd3 Rc2 {? - 3,84 Atlanta sieht es ähnlich
} 29. Qh5+ Kg8 30. Nf4 Rc5 31. Re1 g6 32. Nxg6 hxg6 33. Qxg6+ Kf8 34. Qxe6 1-0

[Event "TP 40 Züge 2 Stunden"]
[Site "?"]
[Date "2009.??.??"]
[Round "?"]
[White "Sapphire, Novag"]
[Black "Atlanta, Mephisto"]
[Result "0-1"]
[WhiteElo "2097"]
[BlackElo "2195"]
[Annotator "Thomas Jaeger"]
[PlyCount "90"]
[EventDate "2009.??.??"]
[TimeControl "240"]

1. e4 c6 2. d4 d5 3. exd5 cxd5 4. c4 Nf6 5. Nc3 e6 6. Nf3 Be7 7. cxd5 Nxd5 8.
Bd3 Nc6 9. O-O O-O 10. Re1 Bf6 {letzter Buchzug} 11. a3 {letzter Buchzug} Nb6
12. Be3 g6 13. Bh6 Re8 14. Bb5 Bh8 15. Bxc6 bxc6 16. Ne5 Qh4 17. Qd2 f6 {
Atlanta findet wohl wieder den besten Zug - komplizierte Stellung} 18. Nf3 {
wohl der beste Zug} (18. Re4 Qh5 19. Nf3 g5 20. Bxg5 fxg5 21. Nxg5 Bg7) (18.
Nxc6 g5 19. Nb5 Bb7 20. Rac1 Bxc6 21. Rxc6 Qxh6 22. Nc7) (18. Ne4 fxe5 19. Bg5
Qg4 20. f3 Qf5 21. Nd6 Qf8 22. dxe5 Nd5 23. Rac1) (18. Nxc6 g5 19. Nb5 Bd7 20.
Rac1 Qxh6 21. Nc7) 18... Qh5 {[%emt 0:00:00]} 19. Ne4 {?! einfacher ist Le3} g5
20. Bxg5 fxg5 21. Nexg5 Re7 {[%emt 0:00:00]} 22. Rac1 Rg7 23. Kh1 {vielleicht
ist Tc3 am besten. Sapphire wollte lange Tc5 spielen. Aber nach h6, Sxe6, Txg2
sieht es schlecht aus} Qg6 24. Rxc6 {komplizierte Stellung} (24. h4 Re7 (24...
h6 25. Ne5 Qf5 26. Ngf3 Rh7 27. Nxc6) 25. Ne4 Bd7 26. Nc5 Rf8) 24... h6 25. Qa5
Rb8 26. Rexe6 Bxe6 27. Rxe6 Qb1+ 28. Re1 Qa2 29. Ne4 {De5 war besser} Re7 30.
Qf5 {Dh5} Qe6 31. Qf4 Rf8 32. Qg3+ Rg7 33. Qh4 Rg4 34. Qh3 Qg6 35. Nc5 Bxd4 36.
Nxd4 Rxd4 37. Qe3 Rg4 38. g3 Nc4 39. Qe2 Rd4 40. Ne6 Re8 {60 min - die
spannende Partie ist gelaufen} 41. Nxd4 Rxe2 42. Nxe2 Qe4+ 43. Kg1 Nd2 44. b4
Nf3+ 45. Kf1 Nxh2+ 0-1

[Event "TP 40 Züge 2 Stunden"]
[Site "?"]
[Date "2009.??.??"]
[Round "?"]
[White "Magellan, Mephisto"]
[Black "Sapphire, Novag"]
[Result "1-0"]
[WhiteElo "2195"]
[BlackElo "2097"]
[Annotator "Thomas Jaeger"]
[PlyCount "89"]
[EventDate "2009.??.??"]
[TimeControl "240"]

1. c4 f5 2. d4 Nf6 3. Nc3 e6 {letzter Buchzug} 4. e3 {letzter Buchzug} Bb4 5.
Nf3 Nc6 6. d5 exd5 7. cxd5 Ne7 8. Bc4 b5 9. Bxb5 Nexd5 10. Bd2 Bxc3 11. Bxc3
Nxc3 12. bxc3 Bb7 13. Bc4 Qe7 14. O-O Kf8 15. Rb1 Be4 16. Rb2 d5 17. Be2 Re8
18. Qa4 {Magellan steht schon klar besser} c5 19. Qa6 Bxf3 20. Bxf3 Ne4 21. Rb7
Qe5 22. Bxe4 fxe4 23. Qxa7 Kg8 24. Qxc5 h6 25. Rd7 Kh7 26. Rxd5 Qe6 {Sapphire
hat einfach 3 Bauern verloren} 27. Qd4 Re7 28. a4 Rb8 29. Rb5 Rc8 30. Rb4 Rd7
31. Qxe4+ Qxe4 32. Rxe4 Rd2 33. c4 Ra2 34. Rf4 Rxa4 35. Rc1 Ra2 36. h4 g5 37.
hxg5 hxg5 38. Rg4 Rc5 39. f4 Kh6 40. Rxg5 Rxg5 41. fxg5+ Kxg5 42. c5 Ra7 43. c6
Rc7 44. Kf2 Kf5 45. Kf3 1-0

[Event "TP 40 Züge 2 Stunden"]
[Site "?"]
[Date "2009.??.??"]
[Round "?"]
[White "Sapphire, Novag"]
[Black "Magellan, Mephisto"]
[Result "1/2-1/2"]
[WhiteElo "2097"]
[BlackElo "2195"]
[Annotator "Thomas Jaeger"]
[PlyCount "114"]
[EventDate "2009.??.??"]
[TimeControl "240"]

1. e4 c6 2. d4 d5 3. exd5 cxd5 4. c4 Nf6 5. Nc3 g6 6. Qb3 Bg7 7. cxd5 O-O 8.
Be2 Nbd7 9. Bf3 Nb6 {letzter Buchzug} 10. Nge2 Bg4 11. Bxg4 Nxg4 12. a4 {
letzter Buchzug} Qd7 13. a5 Nc8 14. Bf4 {SEC spielte gegen Magellan a6} Nd6 15.
O-O Rac8 16. h3 Nf6 17. Ra4 a6 18. Bxd6 {Tb4!} Qxd6 19. Qxb7 Rb8 20. Qc6 Rxb2
21. Re1 Bh6 22. Qxd6 exd6 23. Rc4 Bd2 24. Rd1 Re8 25. Kf1 Ne4 26. Nxe4 Rxe4 27.
Ng3 Re8 28. Rc6 Bxa5 29. Rxa6 Bb6 30. Ra4 f5 31. Re1 Kf7 32. Ne2 Rc8 33. g4
fxg4 34. hxg4 h5 35. Ng3 Rcc2 36. Ne4 Bc7 37. Ra7 Kf8 38. Kg2 hxg4 39. Rh1 Ra2
40. Rh8+ Kg7 {jetzt 60 min für den Rest} 41. Rxa2 Rxa2 42. Rc8 Bb6 43. Rc4 Ra5
44. Rb4 Bd8 45. Nxd6 Rxd5 46. Ne4 Ba5 47. Rb7+ Kf8 48. Nc5 Ke8 49. Ne6 Rd6 50.
Rb5 Ke7 51. d5 {Sapphire sieht aufgrund des Freibauern vorne +0,92 zu
optimistisch} Be1 52. Ng5 Rf6 53. Rb1 Rxf2+ 54. Kg1 Re2 55. Kf1 Re3 56. Rxe1
Rxe1+ 57. Kxe1 Kd6 1/2-1/2

[Event "TP 40 Züge 2 Stunden"]
[Site "?"]
[Date "2009.??.??"]
[Round "?"]
[White "Sapphire, Novag"]
[Black "Lyon 68020, Mephisto"]
[Result "1-0"]
[WhiteElo "2097"]
[BlackElo "2169"]
[Annotator "Thomas Jaeger"]
[PlyCount "87"]
[EventDate "2009.??.??"]

1. e4 d6 2. d4 Nf6 3. Nc3 g6 4. f4 Bg7 5. Nf3 c5 6. e5 Nfd7 7. dxc5 dxe5 8.
fxe5 {letzter Buchzug} Nxe5 9. Qxd8+ Kxd8 10. Nxe5 Bxe5 {letzter Buchzug} 11.
Bd2 Bg4 12. Bc4 Ke8 13. O-O Bf5 14. g4 Bxg4 15. Bxf7+ Kd8 16. Kh1 Nc6 17. Bd5
Bf5 18. Rae1 Bd4 19. Bxc6 {?!} bxc6 20. Bg5 Bxc5 21. Ne4 Bxe4+ 22. Rxe4 Rb8 23.
Rd1+ Ke8 24. Re5 Rb5 25. a4 Bd6 26. axb5 Bxe5 27. bxc6 h6 28. Rd5 Bxh2 29. Kxh2
hxg5+ 30. Kg3 Kf7 31. b4 Kf6 {?! Ke6 ist besser} 32. b5 Rb8 33. c4 {!} Rc8 34.
Rd7 a6 35. Kg4 {Ta7 oder Tb7 scheinen leichter zu gewinnen} axb5 36. cxb5 Ke6
37. Kxg5 {es wird auch dem Lyon mehr und mehr klar, wie schlecht er steht} Kf7
38. Ra7 Rb8 {-2,66} 39. Rb7 Rc8 40. c7 Ke6 {ab jetzt 60 min für den Rest} 41.
b6 Kd7 42. Ra7 Rg8 43. c8=Q+ Kxc8 44. Ra8+ 1-0

[Event "TP 40 Züge 2 Stunden"]
[Site "?"]
[Date "2009.??.??"]
[Round "?"]
[White "Lyon 68020, Mephisto"]
[Black "Sapphire, Novag"]
[Result "1/2-1/2"]
[WhiteElo "2169"]
[BlackElo "2097"]
[Annotator "Thomas Jaeger"]
[PlyCount "138"]
[EventDate "2009.??.??"]

1. d4 d5 2. Nf3 Nf6 3. c4 dxc4 4. e3 Bg4 5. Bxc4 e6 6. h3 Bh5 7. O-O Nbd7 8.
Nc3 Bd6 9. e4 e5 10. Be2 O-O 11. Be3 {letzter Buchzug} Re8 {letzter Buchzug}
12. Nxe5 Bxe2 13. Qxe2 Nxe5 14. dxe5 Bxe5 15. Rfd1 Qe7 16. f3 Rad8 17. Qc4 a5
18. Rxd8 Rxd8 19. Qb5 Bxc3 20. bxc3 b6 21. Bf4 h6 22. Qc4 Ne8 23. Rb1 Qf6 24.
Be3 Qd6 25. Qd4 Qe7 26. Qc4 Nf6 {Dd6 mit remis?} 27. Bf4 Rd7 28. Rb5 Qe6 29.
Qxe6 fxe6 30. Kf2 Ne8 31. Rb2 Nd6 32. Rd2 e5 33. Be3 Kf7 34. Ke2 Ke6 35. Bf2 {
die Stellung ist absolut gleich} h5 36. Rd5 Nc4 37. Rxd7 Kxd7 38. Bg3 Kd6 39.
f4 g6 40. fxe5+ Ke6 {60 min für den Rest} 41. Kd3 Nxe5+ 42. Ke3 g5 43. h4 g4
44. Bh2 a4 45. Kf4 Kf6 46. Ke3 a3 47. Kd4 Ke6 48. c4 {? Lxe5 gewinnt wohl} c5+
49. Kc3 Ng6 50. Bg3 Ne5 51. Kb3 Kf6 52. Bf4 Ke6 53. Kc3 Ng6 54. Bc7 {Lg3 mit
remis? so wird es noch spannend} Nxh4 55. g3 Nf3 56. Bxb6 h4 (56... Kd6 {ist
besser} 57. Kd3 Ne5+ 58. Ke2 (58. Kc3 h4 59. Ba7 hxg3) 58... Nxc4 59. Ba7 Ne5
60. Bb8+ Ke6) 57. gxh4 g3 {so hat eher Weiß Chancen zum Sieg} 58. Bxc5 Nxh4 59.
Kd3 (59. Bxa3 {!} g2 60. Bc5 Nf3 61. a4 g1=Q 62. Bxg1 Nxg1 {und Schwarz muss
sehr genau spielen}) 59... Nf3 60. Ke2 Ne5 61. Bxa3 Nxc4 62. Bb4 Ke5 63. Kf3
Kd4 64. Be1 {es wird remis Lyon sieht sich aber 1,27 vorne und Sapphire 0,8
hinten!} Ne5+ 65. Kxg3 Kxe4 66. Bd2 Kd4 67. Kf4 Nd3+ 68. Kf3 Ne5+ 69. Ke2 Kc4
1/2-1/2

[Event "TP 40 Züge 2 Stunden"]
[Site "?"]
[Date "2009.??.??"]
[Round "?"]
[White "Star Diamond, Novag"]
[Black "Sapphire, Novag"]
[Result "0-1"]
[WhiteElo "2161"]
[BlackElo "2097"]
[Annotator "Thomas Jaeger"]
[PlyCount "134"]
[EventDate "2009.??.??"]

1. d4 d5 2. c4 dxc4 3. e4 e5 4. Nf3 exd4 5. Bxc4 Bb4+ 6. Bd2 Bxd2+ 7. Nbxd2 Nc6
8. O-O Qf6 9. e5 Qg6 10. Qb3 Nge7 11. Rfe1 O-O 12. Bd3 Qh5 13. Rac1 {letzter
Buchzug} Ng6 {letzter Buchzug} 14. Be4 Nge7 15. Bd3 {? hofft auf
Zugwiederholung, kommt jetzt aber in Nachteil - Dd3 ist gut} Rb8 16. Qa3 Rd8
17. b4 a6 18. Qb2 {SD - 1,38} Bg4 {+ 1,03} 19. h3 Be6 20. Rc5 Nd5 21. Be4 Ndxb4
22. a3 Nd5 23. Nxd4 Nxd4 24. Qxd4 Qh6 25. Nf3 Nf6 26. Qc3 Nxe4 27. Rxe4 Qg6 28.
Rb4 c6 29. Ne1 {? Kh2!} Rd1 30. Rxc6 Rbd8 (30... a5 31. Rxb7 Rxe1+ 32. Qxe1
Rxb7 33. Qxa5 Qb1+ 34. Kh2 h6) 31. Rc7 Bxh3 32. Qxh3 Rxe1+ 33. Kh2 Rxe5 34.
Rcxb7 Qd6 35. f4 Re2 36. Qh5 {?} Rxg2+ 37. Kxg2 Qc6+ 38. Qf3 Rd2+ 39. Kg3 Qg6+
40. Qg4 Rg2+ {Rest in 60 min} 41. Kxg2 Qxg4+ 42. Kf2 h5 43. Ra7 Qc8 44. Rab7
Qc2+ 45. Ke3 Qc1+ 46. Ke4 h4 47. Rb3 Qc2+ 48. Kf3 f5 49. R7b4 h3 50. Rb2 Qd3+
51. Kf2 Qxa3 52. Rb8+ Kf7 53. R8b7+ Ke6 54. R7b3 Qc5+ 55. Kg3 Qg1+ 56. Kxh3
Qg4+ 57. Kh2 Qxf4+ 58. Kg2 Qe4+ 59. Kf2 Qd4+ 60. Ke1 Qg1+ 61. Kd2 f4 62. Rb8 f3
63. R2b6+ Kf5 64. Rf8+ Kg5 65. Rb4 Qh2+ 66. Kc3 f2 67. Rc4 Qh3+ {Star Dia gibt
auf} 0-1

[Event "TP 40 Züge 2 Stunden"]
[Site "?"]
[Date "2009.??.??"]
[Round "?"]
[White "Sapphire, Novag"]
[Black "Star Diamond, Novag"]
[Result "1-0"]
[WhiteElo "2097"]
[BlackElo "2161"]
[Annotator "Thomas Jaeger"]
[PlyCount "66"]
[EventDate "2009.??.??"]

1. d4 Nf6 2. c4 e6 3. Nf3 b6 4. a3 Bb7 5. Nc3 d5 6. cxd5 Nxd5 7. Qc2 Nxc3 8.
bxc3 {letzter Buchzug} c5 9. e4 Nc6 {letzter Buchzug} 10. Bb5 a6 11. Bxc6+ Bxc6
12. Ne5 Bb7 13. O-O f6 14. Nf3 Be7 15. Bf4 g5 16. Be3 Qc7 17. dxc5 Bxc5 18.
Bxc5 Qxc5 19. Rfd1 Ke7 20. h4 g4 21. Nd4 Rad8 22. Qe2 h5 23. Rd3 Qe5 24. Re1
Rd6 25. Qe3 Rg8 26. Red1 Ke8 {? Tgd8!} 27. Nf5 {Sb5 gewinnt} (27. Nb5 Rxd3 28.
Qxd3 Kf8 29. Qd8+ Kg7 30. Qd7+ Kg6 31. Nd6 Rg7 32. Qe8+ Kh7 33. Nf5 Bd5 34.
Qxh5+ Kg8 35. Nxg7 Qxe4 36. Rxd5 exd5 37. Nf5 {oder ähnlich}) 27... Rxd3 28.
Qxd3 Bd5 {Dc7 ist besser} 29. Qxa6 exf5 30. Rxd5 Qxc3 {?} 31. Qb5+ {?} (31.
Qa8+ Ke7 32. Qb7+ Ke8 33. Rd1 g3 34. Qb8+ Ke7 35. Qxg8) 31... Kf8 32. Rxf5 Qe1+
33. Qf1 Qxe4 {vielleicht ist Dxf1 besser} 1-0

[Event "TP 40 Züge 2 Stunden"]
[Site "?"]
[Date "2009.??.??"]
[Round "?"]
[White "Genius 68030, Mephisto"]
[Black "Sapphire, Novag"]
[Result "1/2-1/2"]
[WhiteElo "2276"]
[BlackElo "2097"]
[Annotator "Thomas Jaeger"]
[PlyCount "121"]
[EventDate "2009.??.??"]

1. d4 d5 2. c4 dxc4 3. Nf3 Nf6 4. e3 Bg4 5. Bxc4 e6 6. h3 Bh5 7. O-O Nbd7 8.
Nc3 Bd6 9. e4 e5 10. Be2 O-O 11. Be3 {letzter Buchzug} Re8 {letzter Buchzug}
12. Nxe5 Bxe2 13. Qxe2 Nxe5 14. dxe5 Bxe5 15. f3 Qe7 16. Qc4 Rad8 17. Rfd1 a5
18. Rxd8 Rxd8 19. Qb5 Bxc3 20. bxc3 b6 21. Bf4 h6 22. Qc4 Ne8 23. Rb1 Qf6 24.
Be3 Qd6 25. Qb5 {bis hier die gleiche Stellung wie Lyon 68020 gegen Sapphire.
Lyon spielte Dd4} Qe6 26. a4 Nd6 27. Qb3 Qxb3 28. Rxb3 Nc4 29. Bf4 Rd7 (29...
Rd1+ 30. Kf2 c6 31. Bc7 Rd2+ 32. Kg3 Rd7 33. Bf4 g5 34. Bc1 Rd1 {Sapphire
stünde klar besser}) 30. Rb1 g5 31. Bg3 Kf8 32. h4 Ke7 33. Kh2 Ke6 34. Kh3 f6
35. Rb3 Ne5 36. Bxe5 Kxe5 37. Rb5+ Ke6 38. hxg5 hxg5 39. Rb2 Rd3 40. Rc2 f5 {
Rest in 60 min - Sapph steht besser} 41. exf5+ Kxf5 42. Kg3 g4 43. Rc1 gxf3 44.
gxf3 Rd6 45. Rb1 Rg6+ 46. Kf2 Rc6 47. Rb3 Kf4 48. Ke2 Re6+ 49. Kd3 Re3+ 50. Kc4
Kxf3 51. Kd5 Ke2 52. Rb2+ {besser Kd4!} Kd1 (52... Kd3 53. c4 Re4 54. Rb3+ Kc2
55. Ra3 Rg4 {ist besser}) 53. c4 Rd3+ 54. Kc6 Rd4 55. Kxc7 (55. c5 Rb4 56. Rg2
bxc5 57. Kxc5 Rxa4 58. Kb5 Ra3 59. Rg7) 55... Rxc4+ 56. Kd6 Rxa4 57. Rxb6 Rh4
58. Kc5 Kc2 59. Rf6 Kb3 60. Rf3+ Ka4 61. Rf1 1/2-1/2

[Event "TP 40 Züge 2 Stunden"]
[Site "?"]
[Date "2009.??.??"]
[Round "?"]
[White "Sapphire, Novag"]
[Black "Genius 68030, Mephisto"]
[Result "0-1"]
[WhiteElo "2097"]
[BlackElo "2276"]
[Annotator "Thomas Jaeger"]
[PlyCount "114"]
[EventDate "2009.??.??"]

1. c4 Nf6 2. d4 g6 3. Nc3 Bg7 4. e4 d6 5. f4 O-O 6. Nf3 c5 7. d5 e6 {letzter
Buchzug} 8. dxe6 Bxe6 9. Bd3 Nc6 10. f5 Bd7 11. O-O {letzter Buchzug} Qb6 12.
Bf4 Ne7 13. Qd2 Nh5 14. Bg5 Rae8 15. Bxe7 Bxc3 16. Qxc3 Rxe7 17. Rae1 Rfe8 18.
Bc2 h6 19. Rd1 {? fg!} gxf5 20. exf5 Re3 21. Rd3 Re2 22. Nh4 d5 23. Rxd5 Bc6
24. Rd6 R8e3 {Genius - 0,57} 25. Rd3 Rxc2 26. Qxc2 Be4 27. Rfd1 Bxd3 28. Rxd3
Rxd3 29. Qxd3 Qxb2 30. Kf1 {ein Fehler!} Qxa2 31. Qe4 Nf6 32. Qf4 Qc2 33. Ke1
Ne4 34. f6 Qc3+ 35. Kd1 Qd4+ 36. Ke1 Nxf6 37. Qxd4 cxd4 38. Nf5 Ng4 39. Nxd4
Nxh2 40. Nf5 Ng4 41. Nd6 Ne5 42. Nxb7 Nxc4 43. Ke2 Kg7 44. Kd3 Ne5+ 45. Kd4 Ng6
46. Na5 Nh4 47. g4 Kf6 48. Nc6 Ng6 49. Nxa7 Kg5 50. Nb5 Kxg4 51. Nd6 f5 52. Nc4
f4 53. Nd2 h5 54. Kd3 h4 55. Ke2 h3 56. Kf2 Nh4 57. Nf1 Nf3 0-1

[Event "TP 40 Züge 2 Stunden"]
[Site "?"]
[Date "2009.??.??"]
[Round "?"]
[White "Risc 2500 2MB aktiv, Saitek"]
[Black "Genius 68030, Mephisto"]
[Result "0-1"]
[WhiteElo "2254"]
[BlackElo "2276"]
[Annotator "Thomas Jaeger"]
[PlyCount "134"]
[EventDate "2009.??.??"]

1. b3 e5 2. Bb2 Nc6 3. e3 {letzter Buchzug!} d6 {letzter Buchzug} 4. Nf3 Bg4 5.
Nc3 Nf6 6. h3 Bh5 7. Bb5 Be7 8. d4 exd4 9. exd4 O-O 10. d5 Nb4 11. a3 Bxf3 12.
gxf3 c6 (12... Nbxd5 13. Nxd5 Nxd5 14. Qxd5 c6) 13. axb4 cxb5 14. Qd3 a6 15. f4
Re8 16. O-O-O {eine seltsame Stellung} Nh5 17. f5 {der optimistische Risc 2500
sieht sich 0,56 hinten} Nf4 {Genius + 0,69 Fritz sieht allerdings danach Weiß
vorne!} 18. Qf3 Bf6 19. Rhe1 (19. Ne4 Bxb2+ 20. Kxb2 Nh5 21. Rhg1 {Fritz 11
würde dies bevorzugen!}) 19... Rxe1 20. Rxe1 Be5 21. Ne2 Qg5 22. Nxf4 Bxf4+ 23.
Kd1 Qxf5 24. Bc1 Rc8 25. Re2 g5 26. Bxf4 Qxf4 27. Qxf4 gxf4 28. Kd2 Kf8 29. Re4
Re8 30. Rxf4 Re5 31. c4 bxc4 32. bxc4 b5 33. Kd3 h5 34. h4 bxc4+ 35. Kxc4 Ke7
36. f3 f5 37. Rd4 Re1 38. Kd3 Kf6 39. Rc4 {? f4, um den K nicht nach e5 zu
lassen} Ke5 40. Rc6 Rd1+ {Rest in 60 min Genius steht klar besser} 41. Kc3 Rf1
42. Rxa6 Rxf3+ 43. Kd2 Rf4 44. b5 Kxd5 45. Ra1 Kc5 46. Rb1 Kb6 47. Ke2 Rxh4 48.
Kd3 Rf4 49. Ke3 Re4+ 50. Kf3 d5 51. Kg3 d4 52. Kf2 d3 53. Rb3 Rd4 54. Ke1 h4
55. Kd2 h3 56. Rb1 h2 57. Rh1 Rh4 58. Kxd3 Rh3+ 59. Ke2 f4 60. Kf2 f3 61. Kf1
Kxb5 62. Ke1 Kc4 63. Kf2 Kd3 64. Rd1+ Kc2 65. Rh1 Kd2 66. Rf1 h1=Q 67. Rxh1
Rxh1 0-1

[Event "TP 40 Züge 2 Stunden"]
[Site "?"]
[Date "2009.??.??"]
[Round "?"]
[White "Genius 68030, Mephisto"]
[Black "Risc 2500 2MB aktiv, Saitek"]
[Result "1/2-1/2"]
[WhiteElo "2276"]
[BlackElo "2254"]
[Annotator "Thomas Jaeger"]
[PlyCount "167"]
[EventDate "2009.??.??"]

1. d4 Nf6 2. c4 e5 3. dxe5 Ng4 4. Nf3 Bc5 5. e3 Nc6 6. Be2 Ngxe5 7. O-O O-O 8.
Nxe5 Nxe5 {letzter Buchzug} 9. b3 d6 10. Bb2 Qh4 11. Nd2 Bf5 12. Nf3 Nxf3+ 13.
Bxf3 c6 14. Qd2 Rfe8 15. Rfd1 Rad8 16. Qa5 Qg5 17. Rac1 {Ld4!} Bb6 18. Qc3 Qh6
19. a3 Rd7 20. Rd2 Bc7 21. g3 Bb6 22. Bg2 Be4 23. Bxe4 Rxe4 24. Rcd1 Re6 25. c5
{!? erstaunlich für den Genius} Bxc5 26. Qxc5 dxc5 27. Rxd7 Re8 28. Re7 Kf8 29.
Rxb7 Qg6 30. Rc1 Qd3 31. a4 Qa6 32. Rd7 Qb6 33. Ba3 Re5 34. Rd3 Ke8 35. Rc4 a5
36. e4 f5 37. exf5 Rxf5 38. Rdc3 Re5 39. Bxc5 Qd8 40. Be3 Re6 {jetzt 60 min
für den Rest die Stellung ist gliech Genius sieht sich leicht vorne} 41. h3 Kf7
42. Kh2 Qb8 43. Rd3 Kg8 44. Rcd4 Qe5 45. f4 Qf5 46. g4 Qf8 47. Kg3 g6 {besser
h5} 48. h4 Qe7 49. Rd8+ {+1,00} Kf7 {[%emt 0:00:11] Risc -0, 41 Fritz  0,00}
50. Bf2 Qb4 51. R8d4 Qa3 52. Rd7+ Re7 53. Be3 {?! der Turmtausch begünstigt
eher Schwarz} Rxd7 54. Rxd7+ Ke6 55. Rd3 c5 56. Bf2 c4 57. Re3+ Kd7 58. bxc4
Qxa4 59. c5 Qc4 60. h5 gxh5 61. gxh5 Qg8+ 62. Kf3 Qd5+ 63. Kg4 Qg2+ 64. Bg3 Qc2
{Dd2!} 65. f5 Qxc5 66. Bf4 Qd4 67. h6 a4 68. Kg3 Kc6 69. Kg4 Qd1+ 70. Kg5 Qd8+
71. f6 Qg8+ 72. Kh4 Qf7 73. Bg5 Qa2 74. Rf3 Qh2+ 75. Kg4 Qg2+ 76. Kf4 Qd2+ 77.
Kg4 Qd4+ 78. Rf4 Qd1+ 79. Kg3 Qg1+ {Dh5} 80. Kf3 {jetzt wird es remis} Qxg5 {
Genius sieht es Risc noch nicht} 81. f7 Qh5+ 82. Kg3 Qg6+ 83. Kf2 Qc2+ 84. Kf3
{jetzt zeigt auch der Risc 0,00} 1/2-1/2

[Event "TP 40 Züge 2 Stunden"]
[Site "?"]
[Date "2009.??.??"]
[Round "?"]
[White "Atlanta, Mephisto"]
[Black "Risc 2500 2MB aktiv, Saitek"]
[Result "0-1"]
[WhiteElo "2195"]
[BlackElo "2254"]
[Annotator "Thomas Jaeger"]
[PlyCount "80"]
[EventDate "2009.??.??"]

1. d4 {[%emt 0:00:00]} Nf6 {[%eval 0,0] [%emt 0:00:00]} 2. c4 e6 3. Nf3 b6 4.
Nc3 Bb7 5. Bg5 Be7 6. e3 Ne4 7. Bxe7 Qxe7 8. Nxe4 {letzter Buchzug} Bxe4 {
letzter Buchzug} 9. Be2 O-O 10. O-O Nc6 11. a3 f6 12. Nd2 Bg6 13. Bf3 Rae8 14.
Qa4 e5 15. d5 e4 16. Be2 Ne5 17. Qxa7 d6 {Atlanta sieht sich hier den Bauern
vorne} 18. Qa4 f5 19. b3 Qg5 20. Qb4 f4 21. exf4 Qxf4 22. Qc3 Nd3 23. g3 Qf5
24. f4 c5 25. Rfd1 Qh3 26. Bxd3 exd3 27. Re1 Qg4 28. Kh1 {? jetzt Risc klar in
Vorteil} Re2 29. Rxe2 Qxe2 30. Qc1 Re8 31. Kg1 Qe3+ 32. Kg2 Qd4 {Lf5 ist besser
} 33. Nf3 {ist schlecht - aber auch das bessere Dg1 verliert wohl} Re2+ 34. Kh3
Qe4 35. Qh1 Re3 {Df5!} 36. Nh4 Bf5+ 37. Nxf5 Qxf5+ 38. Kg2 Re2+ 39. Kf1 Qh5 40.
h4 Qg4 {Risc +9,99} 0-1

[Event "TP 40 Züge 2 Stunden"]
[Site "?"]
[Date "2009.??.??"]
[Round "?"]
[White "Risc 2500 2MB aktiv, Saitek"]
[Black "Atlanta, Mephisto"]
[Result "1-0"]
[WhiteElo "2254"]
[BlackElo "2195"]
[Annotator "Thomas Jaeger"]
[PlyCount "79"]
[EventDate "2009.??.??"]

1. c4 Nf6 2. d4 e5 3. dxe5 Ne4 {!?} 4. Nf3 Nc6 {letzter Buchzug} 5. a3 {
letzter Buchzug - beide in dieser komplizierten Eröffnung schnell ohne
Buchwissen} Be7 6. e3 O-O 7. Qc2 Ng5 8. Nxg5 Bxg5 9. f4 Bh4+ 10. g3 Be7 11. Bd3
h6 12. b4 {?! eher nicht gut Sc3 oder 0-0 sahen doch gut aus} d6 13. b5 Nb8 14.
exd6 Bxd6 15. O-O a6 16. Nc3 axb5 17. cxb5 Bh3 18. Rd1 Re8 19. Bb2 {Txe3 ist
nicht besser} Bg4 20. Be2 Bxe2 21. Qxe2 Qe7 {besser Sd7} 22. Nd5 Qe6 23. Rac1
c6 24. f5 Qxf5 25. Nb6 Ra5 26. Rxd6 Rxb5 27. Nc4 Rc5 28. Rcd1 b5 29. Rd8 Rxd8
30. Rxd8+ Kh7 31. e4 Qg5 32. Rxb8 bxc4 33. Bd4 c3 34. Be3 Qe5 35. Re8 Qxe8 36.
Bxc5 Qd8 37. Kf2 Qg5 38. Qe3 Qf6+ 39. Qf3 Qe5 40. Qf5+ {Risc + ca. 7,50!!} 1-0

[Event "TP 40 Züge 2 Stunden"]
[Site "?"]
[Date "2009.??.??"]
[Round "?"]
[White "Magellan, Mephisto"]
[Black "Risc 2500 2MB aktiv, Saitek"]
[Result "0-1"]
[WhiteElo "2195"]
[BlackElo "2254"]
[Annotator "Thomas Jaeger"]
[PlyCount "132"]
[EventDate "2009.??.??"]

1. e4 c6 2. Nc3 d5 3. d4 dxe4 4. Nxe4 Bf5 5. Ng3 Bg6 6. Bc4 e6 7. N1e2 Nf6 {
letzter Buchzug} 8. O-O {letzter Buchzug} c5 9. dxc5 Qxd1 10. Rxd1 Bxc5 11. c3
Nc6 12. Nf4 Ng4 13. Rd2 Bb6 14. Nxg6 hxg6 15. h3 Nf6 16. Rd1 Bc7 17. Ne2 Bb6
18. Kf1 Rc8 19. Bf4 e5 20. Bg3 O-O 21. Bb5 Rfe8 22. Rd2 a6 23. Bd3 e4 24. Bc2
e3 25. fxe3 Bxe3 26. Rd6 Ne7 27. Rad1 Nf5 28. Bxf5 gxf5 29. R6d3 b5 30. Bh4 g5
31. Be1 Kg7 32. Rd6 a5 33. Nd4 Bxd4 34. R6xd4 a4 35. Rb4 Re5 36. Bf2 Rc4 {?
jetzt kommt Weiß klar in Vorteil} 37. Bd4 Rxb4 38. Bxe5 Re4 39. Rd5 Kg6 40.
Rxb5 Nh5 {Rest in 60 min} 41. Kf2 f6 42. Bd6 f4 43. Rb7 Ng3 44. Re7 f5 45. h4 {
?} g4 46. Ba3 Kf6 47. Rxe4 fxe4 48. Bd6 e3+ 49. Ke1 Kf5 50. Bc7 Ne4 51. Bb6 Nd2
{Sf2 scheint zu gewinnen} (51... Nf2 52. Kf1 (52. Bxe3 fxe3 53. h5 Nd3+ 54. Ke2
Ke4 55. h6 Nf4+ 56. Ke1 g3 57. h7 Nxg2+ 58. Ke2 Nf4+ 59. Kd1 Kd3 60. h8=Q e2+
61. Ke1 Ng2#) 52... Ke4 53. Bc7 f3) 52. Bxe3 {!} fxe3 53. Ke2 Kf4 (53... Nc4
54. b3 axb3 55. axb3 Nd2 56. Kxe3 Nxb3 57. c4 Nc5 {remis}) 54. h5 Kg5 55. Kxe3
Nc4+ 56. Kd4 Nxb2 57. c4 Kxh5 58. c5 a3 59. c6 Na4 60. c7 Nb6 61. Kc5 Nc8 62.
g3 {? Kd5 oder Kd4 sind richtig - ist aber schon sehr kompliziert} Kg6 63. Kc6
{-1,1} Kf6 {+2,76 Risc scheint etwas zu ahnen} 64. Kd7 Na7 65. c8=R Nxc8 66.
Kc7 Ne7 0-1